Leitkultur y sociedad intercultural desde la perspectiva europea y latinoamericana /
Guardado en:
| Autor principal: | |
|---|---|
| Formato: | Texto |
| Materias: | |
| Etiquetas: |
Agregar Etiqueta
Sin Etiquetas, Sea el primero en etiquetar este registro!
|
MARC
| LEADER | 00000 a a2200000 04500 | ||
|---|---|---|---|
| 001 | 3832 | ||
| 003 | |||
| 040 | |||
| 100 | |a Roos, Lotbar | ||
| 245 | |a Leitkultur y sociedad intercultural desde la perspectiva europea y latinoamericana / |c Lotbar Roos | ||
| 650 | |a IDENTIDAD CULTURAL | ||
| 650 | |a PLURALISMO CULTURAL | ||
| 650 | |a CULTURA | ||
| 773 | |g volumen 18, 2(70); páginas 165-180 | ||
| 999 | |c 30376 |d 30376 | ||
